000 00926nam a22002895i 4500
001 11509
003 ES-MaACL
005 20250801100714.0
007 t|
008 921102s1992 sp ||||0| spa j
020 _a84-7100-540-9
040 _aM-BN
_bspa
_cM-BN
080 _a9(=1.460.11:8=60)
080 _a325.25(=1.460.11:8=60)(091)
100 1 _aEiras Roel, Antonio.
_946841
245 1 4 _aLos gallegos y América /
_cAntonio Eiras Roel, Ofelia Rey Castelao.
260 _aMadrid :
_bMAPFRE,
_c[1992]
300 _a354 p ;
_c23 cm.
490 1 _aColección Las Españas y América ;
_v11
500 _aIndices.
504 _aBibliografía: p. [325]-329.
650 1 4 _aGallegos-
_zAmérica española-
_vHistoria.
_913022
700 1 _aRey Castelao, Ofelia.
_996520
830 0 0 _aColección Las Españas y América
_v11
_9179142
852 _aES-MaACL
_jL-18834
_bR.124122
999 _c11509
_d11509